| 000 | 01473nam a2200361Ia 4500 | ||
|---|---|---|---|
| 001 | ebr10194441 | ||
| 003 | CaPaEBR | ||
| 006 | m u | ||
| 007 | cr cn||||||||| | ||
| 008 | 870819s1988 mnuaf sb s001 0 eng d | ||
| 010 | _z 87019225 | ||
| 020 | _z9780816614783 | ||
| 020 | _z0816614784 | ||
| 020 | _z0816614792 (pbk.) | ||
| 040 |
_aCaPaEBR _cCaPaEBR |
||
| 035 | _a(OCoLC)243615609 | ||
| 050 | 1 | 4 |
_aRJ421 _b.M566 1988eb |
| 100 | 1 |
_aMoller, James H., _d1933- |
|
| 245 | 1 | 2 |
_aA parent's guide to heart disorders _h[electronic resource] / _cJames H. Moller, William A. Neal, and William R. Hoffman. |
| 260 |
_aMinneapolis : _bUniversity of Minnesota Press, _cc1988. |
||
| 300 |
_ax, 153 p., [4] p. of plates : _bill. |
||
| 490 | 1 | _aUniversity of Minnesota guides to birth and childhood disorders | |
| 504 | _aIncludes bibliography and index. | ||
| 533 |
_aElectronic reproduction. _bPalo Alto, Calif. : _cebrary, _d2009. _nAvailable via World Wide Web. _nAccess may be limited to ebrary affiliated libraries. |
||
| 650 | 0 |
_aPediatric cardiology _vPopular works. |
|
| 650 | 0 | _aPediatrics. | |
| 655 | 7 |
_aElectronic books. _2local |
|
| 700 | 1 |
_aNeal, William A., _d1940- |
|
| 700 | 1 | _aHoffman, William R. | |
| 710 | 2 | _aebrary, Inc. | |
| 830 | 0 | _aUniversity of Minnesota guides to birth and childhood disorders. | |
| 856 | 4 | 0 |
_uhttp://site.ebrary.com/lib/rucke/Doc?id=10194441 _zAn electronic book accessible through the World Wide Web; click to view |
| 999 |
_c114000 _d114000 |
||